Educational philosophy of the Holy Quran (Record no. 10027)

MARC details
000 -LEADER
fixed length control field 00270nam a2200109 4500
082 ## - DEWEY DECIMAL CLASSIFICATION NUMBER
Classification number MAH
100 ## - MAIN ENTRY--AUTHOR NAME
Personal name Mahar, Abdul Haq
245 ## - TITLE STATEMENT
Title Educational philosophy of the Holy Quran
260 ## - PUBLICATION, DISTRIBUTION, ETC. (IMPRINT)
Place of publication Lahore:
Name of publisher Institute of Islamic Culture,
Year of publication 1990.
300 ## - PHYSICAL DESCRIPTION
Number of Pages 330p. ;
942 ## - ADDED ENTRY ELEMENTS (KOHA)
Koha item type Books
Holdings
Withdrawn status Lost status Home library Current library Date acquired Cost, normal purchase price Full call number Accession Number Koha item type
    Central Library, QUEST, Nawabshah Central Library, QUEST, Nawabshah 17/09/2014 125.00 MAH 16615 Books